[Event "2019 Standard Chess Dropout Tournament, Round 1"]
[Site "SchemingMind.com"]
[Date "2018.12.12"]
[Round "1"]
[White "Abstract Actuary"]
[Black "pnwmusichound"]
[Result "0-1"]
[WhiteCountry "USA"]
[BlackCountry "USA"]
[WhiteElo "1862"]
[WhiteRD "76"]
[BlackElo "1940"]
[BlackRD "101"]
[GameID "435802"]

1. e4 e5 2. Nf3 Nf6 3. d4 Nxe4 4. Bd3 d5 5. dxe5 f5 6. exf6 Nxf6 7. O-O Be7 8. h3 O-O 9. Bf4 Nc6 10. Nc3 Bd7
11. Bb5 Kh8 12. Nxd5 Nxd5 13. Qxd5 Rxf4 14. Rad1 Bd6 15. Bd3 Qf6 16. Ng5 g6 17. c3 h6 18. g3 hxg5 19. gxf4 Qxf4 20. Qg2 Kg7
21. Rfe1 Bf5 22. b4 Rh8 23. Bxf5 gxf5 24. b5 Ne5 25. Kf1 Kf6 26. Re3 g4 27. hxg4 Nxg4 28. Rg3 Rh2 29. Qg1 Rxf2+
0-1

[Event "2019 Standard Chess Dropout Tournament, Round 1"]
[Site "SchemingMind.com"]
[Date "2018.12.13"]
[Round "1"]
[White "Andrew Burruss"]
[Black "Shanks"]
[Result "0-1"]
[WhiteCountry "USA"]
[BlackCountry "ENG"]
[WhiteElo "1254"]
[WhiteRD "128"]
[BlackElo "1325"]
[BlackRD "72"]
[GameID "435803"]

1. e4 e6 2. d4 d5 3. Nc3 dxe4 4. Nxe4 a6 5. Nf3 c6 6. Bd2 Ne7 7. Bd3 Nd7 8. Nfg5 h6 9. Qh5 g6 10. Qf3 Nf5
11. Nxf7 Kxf7 12. O-O Kg7 13. Rae1 Nb6
0-1

[Event "2019 Standard Chess Dropout Tournament, Round 1"]
[Site "SchemingMind.com"]
[Date "2018.12.09"]
[Round "1"]
[White "Andreas Flato"]
[Black "FransEvers"]
[Result "0-1"]
[WhiteCountry "GER"]
[BlackCountry "NED"]
[WhiteElo "1733"]
[WhiteRD "103"]
[BlackElo "1925"]
[BlackRD "110"]
[GameID "435804"]

1. e4 c5 2. a3 g6 3. b4 Bg7 4. Nc3 cxb4 5. axb4 d6 6. Nf3 Nf6 7. Rb1 O-O 8. Be2 b6 9. O-O Bb7 10. d3 Re8
11. Bd2 a6 12. Qc1 Qc7 13. b5 a5 14. Na4 Nbd7 15. Be3 Nc5 16. Nxc5 dxc5 17. c3 c4 18. e5 cxd3 19. Bxd3 Ng4 20. e6 fxe6
21. Bd4 Bxf3 22. Bxb6 Qxh2#
0-1

[Event "2019 Standard Chess Dropout Tournament, Round 1"]
[Site "SchemingMind.com"]
[Date "2018.12.11"]
[Round "1"]
[White "ampp"]
[Black "Wojtek26"]
[Result "0-1"]
[WhiteCountry "POR"]
[BlackCountry "POL"]
[WhiteElo "1396"]
[WhiteRD "75"]
[BlackElo "1619"]
[BlackRD "71"]
[GameID "435806"]

1. e4 e5 2. Nf3 Nc6 3. Bb5 Nge7 4. c3 a6 5. Ba4 b5 6. Bc2 g6 7. O-O Bg7 8. d4 exd4 9. cxd4 O-O 10. d5 Ne5
11. Nxe5 Bxe5 12. Nc3 Bb7 13. Bg5 Qe8 14. f4 Bg7 15. Rb1 d6 16. a3 Qd7 17. Ne2 h6 18. Bh4 Nc8 19. b4 Nb6 20. Bb3 Qg4
21. Bg3 Nd7 22. Qd2 Nf6 23. Qd3 Rfe8 24. Nc3 Nh5 25. Qf3 Qxf3 26. Rxf3 Nxg3 27. Rxg3 Bxc3 28. Rxc3 Rxe4 29. Rxc7 Rb8 30. Rf1 Re3
31. Rb1 Ba8 32. Rd7 Rbe8 33. Kf1 Kg7 34. Rxd6 Bb7 35. Rb6 Bc8 36. d6 Bf5 37. Rc1 Rxb3 38. Ra1 Bd3+ 39. Kf2 Rb2+ 40. Kg1 Ree2
0-1

[Event "2019 Standard Chess Dropout Tournament, Round 1"]
[Site "SchemingMind.com"]
[Date "2018.12.14"]
[Round "1"]
[White "Apocalypse"]
[Black "George Dimitrov"]
[Result "0-1"]
[WhiteCountry "USA"]
[BlackCountry "BUL"]
[WhiteElo "2352"]
[WhiteRD "78"]
[BlackElo "2471"]
[BlackRD "91"]
[GameID "435808"]

1. e4 c6 2. Nf3 d5 3. exd5 cxd5 4. Ne5 Nf6 5. d4 g6 6. Nc3 Bg7 7. Be3 O-O 8. Qd2 Nc6 9. O-O-O Ne4 10. Nxe4 dxe4
11. Nxc6 bxc6 12. Bc4 Qb6 13. c3 Rb8 14. Kb1 Qa5 15. Qc2 c5 16. dxc5 Bxc3 17. b3 Bg4 18. Rc1 Bg7 19. h3 Bd7 20. Rhd1 Bc6
21. Bd5 Qa6 22. Rd2 Rb4 23. Bxc6 Qxc6 24. a3 Rbb8 25. Ka2 a5 26. Re1 h5 27. g3 Rfd8 28. Rxd8+ Rxd8 29. Rd1 Rxd1 30. Qxd1 Qf6
31. Qb1 Kf8 32. a4 Qc3 33. Qc1 Ke8 34. Qxc3 Bxc3 35. c6 Bb4 36. g4 hxg4
0-1

[Event "2019 Standard Chess Dropout Tournament, Round 1"]
[Site "SchemingMind.com"]
[Date "2018.12.13"]
[Round "1"]
[White "Austin Lockwood"]
[Black "Thomas Jacob Kelly"]
[Result "0-1"]
[WhiteCountry "ENG"]
[BlackCountry "USA"]
[WhiteElo "1650"]
[WhiteRD "139"]
[BlackElo "1731"]
[BlackRD "78"]
[GameID "435809"]

1. e4 c6 2. d4 d5 3. Nc3 dxe4 4. Nxe4 Nf6 5. Nxf6+ exf6 6. c3 Bd6 7. Bd3 O-O 8. Qc2 h6 9. Ne2 Re8 10. O-O Qc7
11. Ng3 c5 12. dxc5 Bxc5 13. Qa4 Bd7 14. Qc4 b5 15. Qh4 Bf8 16. Bf4 Qc6 17. Bxh6 gxh6 18. Be4 Rxe4 19. Nxe4 Bg7 20. Rad1 f5
21. Nd6 Na6 22. Nxf5 Bxf5 23. Qg3 Kh7 24. Rd6 Qb7 25. Qf4 Bg6
0-1

[Event "2019 Standard Chess Dropout Tournament, Round 1"]
[Site "SchemingMind.com"]
[Date "2018.12.10"]
[Round "1"]
[White "bmariusz"]
[Black "Andrea Carra"]
[Result "1-0"]
[WhiteCountry "POL"]
[BlackCountry "ITA"]
[WhiteElo "1948"]
[WhiteRD "101"]
[BlackElo "1971"]
[BlackRD "92"]
[GameID "435810"]

1. e4 e5 2. Nf3 Nc6 3. Bd3 Nf6 4. O-O Bc5 5. h3 O-O 6. Nc3 a6 7. Bc4 d6 8. d3 h6 9. a4 Bd7 10. Bd2 Qc8
11. Nd5 Nxd5 12. Bxd5 Ne7 13. Bc4 Kh8 14. Nh4 Ng6 15. Qh5 Nf4 16. Bxf4 exf4 17. Bxf7 Kh7 18. Nf5 Bxf5 19. exf5 Qd8 20. c3 Qg5
21. Bg6+ Kh8 22. Qxg5 hxg5 23. d4 Ba7 24. Rfe1 d5 25. Re5 Rad8 26. Re7 Bb8 27. a5 Kg8 28. Rae1 Kh8 29. R1e6 Rf6 30. g3 Rxe6
31. fxe6
1-0

[Event "2019 Standard Chess Dropout Tournament, Round 1"]
[Site "SchemingMind.com"]
[Date "2018.12.14"]
[Round "1"]
[White "Mike Winslow"]
[Black "DANDYLIONHONEYBADGER"]
[Result "1-0"]
[WhiteCountry "USA"]
[BlackCountry "USA"]
[WhiteElo "1965"]
[WhiteRD "96"]
[BlackElo "1345"]
[BlackRD "74"]
[GameID "435811"]

1. e4 e5 2. f4 d6 3. Nf3 Nc6 4. Bc4 Nh6 5. O-O Na5 6. d3 Nxc4 7. dxc4 f6 8. fxe5 Bg4 9. exf6 Qxf6 10. Nc3 c6
11. e5 Qf5 12. Qd4 c5 13. Qd5 O-O-O 14. Nb5 Kb8 15. Bxh6 gxh6 16. Nxd6 Bxd6 17. exd6 Qxd5 18. cxd5 Bxf3 19. Rxf3 Rxd6 20. c4 Rdd8
21. Re1 Rhe8 22. Kf2 Rf8 23. Re7 Rxf3+ 24. gxf3 b5 25. b3 b4 26. f4 Rf8 27. Kf3 a5 28. Ke4 Rg8 29. Ke5 Rg2 30. f5 Rxa2
31. f6 a4 32. f7 Re2+ 33. Kd6 Rxe7 34. Kxe7 axb3 35. f8=Q+ Ka7 36. Qxh6
1-0

[Event "2019 Standard Chess Dropout Tournament, Round 1"]
[Site "SchemingMind.com"]
[Date "2018.12.10"]
[Round "1"]
[White "Ingemar Assarsjö"]
[Black "bmariusz"]
[Result "0-1"]
[WhiteCountry "SWE"]
[BlackCountry "POL"]
[WhiteElo "1818"]
[WhiteRD "113"]
[BlackElo "1907"]
[BlackRD "102"]
[GameID "435812"]

1. e4 e5 2. Nf3 Bd6 3. Bc4 h6 4. O-O Nf6 5. Re1 Bc5 6. c3 Ng4 7. d4 exd4 8. cxd4 Bb6 9. h3 Nf6 10. Bf4 g5
11. Bh2 O-O 12. Qb3 Nc6 13. d5 Na5 14. Qc3 Nxc4 15. Qxc4 d6 16. a4 a5 17. Nc3 g4 18. hxg4 Nxg4 19. Bg3 Qf6 20. e5 dxe5
21. Ne4 Qe7 22. Re2 f5 23. Nc3 Qd6 24. Nxe5 f4 25. Nb5 Nxe5 26. Qe4 Qf6 27. Bh2 Ng4 28. Qf3 Nxh2 29. Kxh2 Qh4+ 30. Kg1 Bg4
0-1

[Event "2019 Standard Chess Dropout Tournament, Round 1"]
[Site "SchemingMind.com"]
[Date "2018.12.11"]
[Round "1"]
[White "buddhastalin"]
[Black "Clive Everill"]
[Result "1-0"]
[WhiteCountry "USA"]
[BlackCountry "CZE"]
[WhiteElo "1630"]
[WhiteRD "86"]
[BlackElo "1694"]
[BlackRD "59"]
[GameID "435814"]

1. e4 e5 2. Nf3 Nc6 3. d4 exd4 4. Bc4 Nf6 5. e5 Qe7 6. O-O Ng4 7. h3 Ngxe5 8. Nxe5 Nxe5 9. Re1 Qc5 10. Qh5 Qxc4
11. Qxe5+ Qe6 12. Qa5 Qxe1+ 13. Qxe1+ Be7 14. Bg5 f6 15. Bf4 d6 16. Nd2 Kf7 17. Nf3 Re8 18. Nxd4 Bf8 19. Qd2 Bf5 20. Nxf5 g6
21. Nd4 Re7 22. Re1 Rae8 23. Rxe7+ Rxe7 24. Nb5 a6 25. Qd5+ Kg7 26. Nd4 Re1+ 27. Kh2 c6 28. Qa5 c5 29. Qd8 cxd4 30. Bxd6 Bxd6+
31. Qxd6 Re2 32. Qxd4 Rxc2 33. Qd7+ Kh6 34. Qxb7 Rxf2 35. Qxa6 Rxb2 36. Qxf6 Rxa2 37. Qf8+ Kg5 38. Qf7 Ra5 39. Qd7 Rf5 40. Qxh7 Kf6
41. Qh4+ Kg7 42. Qd4+ Kh6 43. g4 Rf7 44. h4 Rf8 45. Qe3+ Kg7 46. Qe5+ Kg8 47. Kg3 Kh7 48. Qe7+ Kg8 49. Qg5 Kh7 50. Qe7+ Kg8
51. Qxf8+ Kxf8 52. g5 Kf7 53. Kf4 Kg7 54. Ke5 Kf7 55. Kd6 Kf8 56. Ke6 Kg7 57. Ke7 Kg8 58. Kf6 Kh7 59. Kf7 Kh8 60. Kxg6 Kg8
61. h5 Kh8 62. Kf7 Kh7 63. g6+
1-0

[Event "2019 Standard Chess Dropout Tournament, Round 1"]
[Site "SchemingMind.com"]
[Date "2018.12.12"]
[Round "1"]
[White "clare1347"]
[Black "Robert Pallett"]
[Result "1/2-1/2"]
[WhiteCountry "ENG"]
[BlackCountry "ENG"]
[WhiteElo "2332"]
[WhiteRD "95"]
[BlackElo "2350"]
[BlackRD "81"]
[GameID "435815"]

1. e4 e5 2. Nf3 Nc6 3. Bb5 a6 4. Ba4 Nf6 5. O-O Nxe4 6. d4 b5 7. Bb3 d5 8. dxe5 Be6 9. c3 Bc5 10. Nbd2 O-O
11. Bc2 Nxf2 12. Rxf2 f6 13. exf6 Bxf2+ 14. Kxf2 Qxf6 15. Nf1 Ne5 16. Be3 Rae8 17. Bc5 Nxf3 18. gxf3 Rf7 19. Ng3 Bg4 20. Kg1 Bxf3
21. Qd3 g6 22. Rf1 c6 23. Bd1 Be4 24. Qd2 Qh4 25. Rxf7 Kxf7 26. Bf2 Qf6 27. Qh6 Kg8 28. Qe3 Re7 29. Qb6 Bd3 30. Kg2 Rf7
31. Bd4 Qe6 32. Bf3 Qc8 33. h4 h5 34. Be5 a5 35. a3 Qe8 36. Bd4 a4 37. Be3 Bc4 38. Bg5 Rf8 39. Qf2=
1/2-1/2

[Event "2019 Standard Chess Dropout Tournament, Round 1"]
[Site "SchemingMind.com"]
[Date "2018.12.14"]
[Round "1"]
[White "Andrea Carra"]
[Black "Massey Ferguson"]
[Result "0-1"]
[WhiteCountry "ITA"]
[BlackCountry "ENG"]
[WhiteElo "2026"]
[WhiteRD "89"]
[BlackElo "2103"]
[BlackRD "119"]
[GameID "435816"]

1. e4 d6 2. d4 g6 3. Nc3 Bg7 4. Be3 a6 5. Qd2 Nd7 6. Nf3 e6 7. Bd3 h6 8. h3 Ne7 9. O-O-O b5 10. Nh2 Bb7
11. f4 c5 12. d5 exd5 13. exd5 f5 14. Rhe1 O-O 15. g4 b4 16. Na4 Qa5 17. b3 Nxd5 18. Kb1 N7b6 19. Bc4 Nxc4 20. bxc4 Nc3+
21. Nxc3 bxc3 22. Qc1 Be4
0-1

[Event "2019 Standard Chess Dropout Tournament, Round 1"]
[Site "SchemingMind.com"]
[Date "2018.12.14"]
[Round "1"]
[White "DANDYLIONHONEYBADGER"]
[Black "ampp"]
[Result "1-0"]
[WhiteCountry "USA"]
[BlackCountry "POR"]
[WhiteElo "1353"]
[WhiteRD "71"]
[BlackElo "1377"]
[BlackRD "80"]
[GameID "435817"]

1. d4 d5 2. c3 Nf6 3. Nd2 Bf5 4. Qa4+ Nc6 5. b4 a6 6. b5 axb5 7. Qxb5 Qc8 8. Ngf3 Nd7 9. e4 dxe4 10. Ne5 Ndxe5
11. dxe5 Ra5 12. Qb3 Nxe5 13. Nc4 Nxc4 14. Qxc4 e6 15. Bf4 Rc5 16. Qa4+ c6 17. Be2 Rxc3 18. O-O Be7 19. Bd2 Ra3 20. Qd4 O-O
21. Bb4 Bxb4 22. Qxb4 Ra8 23. g4 Bg6 24. h4 c5 25. Qc4 Rd8 26. h5
1-0

[Event "2019 Standard Chess Dropout Tournament, Round 1"]
[Site "SchemingMind.com"]
[Date "2018.12.14"]
[Round "1"]
[White "Diadoco"]
[Black "klagefall"]
[Result "1/2-1/2"]
[WhiteCountry "MEX"]
[BlackCountry "GER"]
[WhiteElo "2017"]
[WhiteRD "94"]
[BlackElo "2032"]
[BlackRD "105"]
[GameID "435818"]

1. e4 e5 2. Nf3 Nc6 3. Bb5 a6 4. Ba4 Nf6 5. O-O Be7 6. Re1 b5 7. Bb3 d6 8. c3 O-O 9. h3 Na5 10. Bc2 c5
11. d4 Qc7 12. Nbd2 Nc6 13. d5 Nd8 14. a4 Rb8 15. axb5 axb5 16. b4 c4 17. Nf1 Ne8 18. N1h2 f6 19. Nh4 g6 20. N4f3 Nf7
21. g4 Ng7 22. Nf1 Bd7 23. Ng3 Ra8 24. Be3 Qb7 25. Kg2 Rxa1 26. Qxa1 Ra8 27. Qb2 Ra6 28. Ra1 Qa8 29. Rxa6 Qxa6 30. Ng1 Bd8
31. Bb1 Kf8=
1/2-1/2

[Event "2019 Standard Chess Dropout Tournament, Round 1"]
[Site "SchemingMind.com"]
[Date "2018.12.09"]
[Round "1"]
[White "Dicken"]
[Black "MichaelG"]
[Result "0-1"]
[WhiteCountry "GER"]
[BlackCountry "GER"]
[WhiteElo "1901"]
[WhiteRD "85"]
[BlackElo "1915"]
[BlackRD "96"]
[GameID "435819"]

1. e4 e6 2. d4 d5 3. Nc3 Nf6 4. e5 Nfd7 5. f4 c5 6. Nf3 Be7 7. Be3 b6 8. Qd2 Nc6 9. Bb5 Bb7 10. O-O-O Qc7
11. Kb1 c4 12. g4 a6 13. Bxc6 Bxc6 14. f5 b5 15. Ne2 b4 16. Nf4 Nf8 17. h4 c3 18. bxc3 bxc3 19. Qxc3 Rb8+ 20. Kc1 Bb4
21. Qa1 Ba4
0-1

[Event "2019 Standard Chess Dropout Tournament, Round 1"]
[Site "SchemingMind.com"]
[Date "2018.12.10"]
[Round "1"]
[White "echecs"]
[Black "Udo Sprang"]
[Result "0-1"]
[WhiteCountry "ENG"]
[BlackCountry "NED"]
[WhiteElo "1831"]
[WhiteRD "61"]
[BlackElo "1976"]
[BlackRD "109"]
[GameID "435821"]

1. e4 e5 2. Nf3 Nc6 3. Bc4 Bc5 4. O-O d6 5. c3 Bb6 6. b4 Nf6 7. d3 O-O 8. Bg5 h6 9. Bh4 g5 10. Nxg5 hxg5
11. Bxg5 Bg4 12. Qb3 Bh5 13. a4 a6 14. Kh1 Kg7 15. f4 Qe8 16. Bxf6+ Kxf6 17. fxe5+ Kg7 18. exd6 cxd6 19. Nd2 Ne5 20. d4 Nxc4
21. Nxc4 Bc7 22. Rae1 Qe6 23. Nd2 Qxb3 24. Nxb3 Rae8 25. Nd2 Bg6 26. Rf3 f5 27. h3 fxe4 28. Rfe3 d5 29. g3 Rf2 30. Nf1 Ref8
31. Kg1 Bh5 32. Nh2 Ra2 33. a5 Rff2 34. Nf1 Bf3 35. h4 Rg2+ 36. Kh1 Rh2+ 37. Kg1 Rag2#
0-1

[Event "2019 Standard Chess Dropout Tournament, Round 1"]
[Site "SchemingMind.com"]
[Date "2018.12.09"]
[Round "1"]
[White "Ed Mason"]
[Black "PION4290"]
[Result "1-0"]
[WhiteCountry "WLS"]
[BlackCountry "CAN"]
[WhiteElo "1639"]
[WhiteRD "109"]
[BlackElo "1645"]
[BlackRD "82"]
[GameID "435822"]

1. e4 e5 2. Nf3 Nc6 3. Bc4 Bc5 4. O-O h6 5. Nc3 Nf6 6. d3 d6 7. Be3 Bxe3 8. fxe3 Bg4 9. h3 Bh5 10. g4 Bg6
11. Nh4 Nxe4 12. Nxg6 fxg6 13. dxe4 d5 14. Qxd5 Qxd5 15. Nxd5 Rc8 16. Rf2 Rf8 17. Rxf8+ Kxf8 18. Rf1+ Ke8 19. Nc3 Nb4 20. Bb3 g5
21. Rf7 a5 22. Rxg7 Rd8 23. Rxc7 b6 24. Nd5 Nxd5 25. Bxd5 Rb8 26. Rc6 Kf8 27. Rxh6 Kg7 28. Rc6 b5 29. Re6 Rf8 30. Kg2 Rc8
31. Rc6 Rd8 32. Rb6 b4 33. Ra6 Rc8 34. Bb3 Rc5 35. Kg3 Kf8 36. Rg6 Ke7 37. Rxg5 Kf6 38. Rf5+ Kg6 39. h4 Rb5 40. h5+ Kh6
41. Kh4 Rc5 42. Rf6+ Kg7 43. g5 Rc8 44. Rf7+ Kh8 45. g6 Kg8 46. Rc7+
1-0

[Event "2019 Standard Chess Dropout Tournament, Round 1"]
[Site "SchemingMind.com"]
[Date "2018.12.10"]
[Round "1"]
[White "edg"]
[Black "JPT"]
[Result "0-1"]
[WhiteCountry "USA"]
[BlackCountry "INT"]
[WhiteElo "1724"]
[WhiteRD "72"]
[BlackElo "1766"]
[BlackRD "81"]
[GameID "435823"]

1. b3 e5 2. Bb2 Nc6 3. e3 d6 4. Bb5 Bd7 5. d3 Nf6 6. h3 Be7 7. Nd2 a6 8. Bxc6 Bxc6 9. Ngf3 Nd7 10. e4 O-O
11. h4 f5 12. Qe2 h6 13. h5 Nf6 14. O-O-O Bd7 15. exf5 Bxf5 16. Ne4 Nd5 17. g3 Bg4 18. c4 Bxf3
0-1

[Event "2019 Standard Chess Dropout Tournament, Round 1"]
[Site "SchemingMind.com"]
[Date "2018.12.11"]
[Round "1"]
[White "frankly"]
[Black "willyboy"]
[Result "1-0"]
[WhiteCountry "ENG"]
[BlackCountry "AUT"]
[WhiteElo "2545"]
[WhiteRD "65"]
[BlackElo "2128"]
[BlackRD "69"]
[GameID "435824"]

1. e4 c5 2. Nf3 g6 3. c3 d5 4. exd5 Qxd5 5. d4 Bg7 6. Nbd2 cxd4 7. Bc4 Qh5 8. O-O Nc6 9. Qb3 Nh6 10. Nxd4 Nxd4
11. cxd4 O-O 12. h3 g5 13. g4 Nxg4 14. Be2 Qh4 15. hxg4 Bxg4 16. Nf3 Qh5 17. Qe3 h6 18. Bd2 Rfd8 19. Bc3 Rd6 20. Bd1 Rd5
21. Nh2 Bxd1 22. Rfxd1 Be5 23. Nf1 Qg4+ 24. Ng3 h5 25. Re1 Bd6 26. Qe2 Qxe2 27. Rxe2 h4 28. Nf1 g4 29. Ne3 Rh5 30. Nc4
1-0

[Event "2019 Standard Chess Dropout Tournament, Round 1"]
[Site "SchemingMind.com"]
[Date "2018.12.11"]
[Round "1"]
[White "FransEvers"]
[Black "Janusz Szopa"]
[Result "0-1"]
[WhiteCountry "NED"]
[BlackCountry "POL"]
[WhiteElo "1926"]
[WhiteRD "116"]
[BlackElo "2390"]
[BlackRD "84"]
[GameID "435825"]

1. e4 d6 2. d4 Nf6 3. Nc3 g6 4. Bg5 Bg7 5. f4 O-O 6. Qd2 h6 7. Bxf6 Bxf6 8. O-O-O Bg7 9. Nf3 Nd7 10. Kb1 c5
11. h4 h5 12. Be2 cxd4 13. Nxd4 e5 14. fxe5 Nxe5 15. Nd5 Be6 16. Nb5 Ng4 17. Ndc7 Nf2 18. Nxa8 Nxh1 19. Rxh1 Qf6 20. c3 Rxa8
21. Nc7 Rd8 22. Nxe6 Qxe6 23. Bf3 Qe7 24. Qd5 Re8 25. g3 a6 26. a4 b5 27. axb5 axb5 28. Qxb5 Be5 29. Rg1 Rd8 30. Kc2 Qa7
31. Rg2 Rb8 32. Qe2 Bg7 33. Qe1 Qa4+ 34. Kd3 d5
0-1

[Event "2019 Standard Chess Dropout Tournament, Round 1"]
[Site "SchemingMind.com"]
[Date "2018.12.13"]
[Round "1"]
[White "George Dimitrov"]
[Black "Austin Lockwood"]
[Result "1-0"]
[WhiteCountry "BUL"]
[BlackCountry "ENG"]
[WhiteElo "2449"]
[WhiteRD "104"]
[BlackElo "1623"]
[BlackRD "135"]
[GameID "435826"]

1. e4 c5 2. Nf3 Nc6 3. d4 cxd4 4. Nxd4 Nf6 5. Nc3 e5 6. Ndb5 d6 7. Bg5 a6 8. Na3 b5 9. Nd5 Be7 10. Bxf6 Bxf6
11. c3 O-O 12. Nc2 Bg5 13. a4 bxa4 14. Rxa4 a5 15. Bc4 Rb8 16. b3 g6 17. Nce3 Be6 18. O-O Bxd5 19. Nxd5 Qd7 20. Qd3 Qg4
21. Bb5 Qc8 22. Rb1 Ne7 23. Nxe7+ Bxe7 24. Rxa5 Ra8 25. Rba1 Rxa5 26. Rxa5 Qc7 27. Ra6 h5 28. g3 Rc8 29. Bc6 Rb8 30. Bd5 Bf6
31. Qe3
1-0

[Event "2019 Standard Chess Dropout Tournament, Round 1"]
[Site "SchemingMind.com"]
[Date "2018.12.14"]
[Round "1"]
[White "Gerrish Gray"]
[Black "William Lindberg"]
[Result "1-0"]
[WhiteCountry "ENG"]
[BlackCountry "USA"]
[WhiteElo "2506"]
[WhiteRD "104"]
[BlackElo "2468"]
[BlackRD "69"]
[GameID "435827"]

1. d4 Nf6 2. c4 e6 3. Nc3 Bb4 4. e3 Bxc3+ 5. bxc3 c5 6. Bd3 d6 7. Ne2 O-O 8. e4 Nc6 9. O-O b6 10. f4 Ba6
11. Rf3 Na5 12. Rh3 Ne8 13. f5 Bxc4 14. Ng3 e5 15. Qh5 Nf6 16. Qh4 Bxd3 17. Bg5 Re8 18. Nh5 Nxh5 19. Qxh5 Qxg5 20. Qxg5 f6
21. Qh5 h6 22. Qg6 Nc6 23. Rxd3 Rf8 24. dxc5 Ne7 25. Qg4 dxc5 26. Rd7 Rfe8 27. Rad1 Kf8 28. R1d3 Kf7 29. Rg3 Rf8 30. Qxg7+
1-0

[Event "2019 Standard Chess Dropout Tournament, Round 1"]
[Site "SchemingMind.com"]
[Date "2018.12.12"]
[Round "1"]
[White "Glenn O'Brien"]
[Black "John Hamer"]
[Result "1/2-1/2"]
[WhiteCountry "AUS"]
[BlackCountry "ENG"]
[WhiteElo "1976"]
[WhiteRD "77"]
[BlackElo "1960"]
[BlackRD "69"]
[GameID "435828"]

1. e4 c6 2. d4 d5 3. Nc3 dxe4 4. Nxe4 Nd7 5. Nf3 e6 6. Bc4 Ngf6 7. Ng3 Bd6 8. O-O O-O 9. Qe2 Qc7 10. Re1 c5
11. c3 Nb6 12. Bb3 Bd7 13. Ne5 cxd4 14. cxd4 Rac8 15. Bg5 Nbd5 16. Rac1 Bc6 17. Nh5 h6 18. Bxf6 Nxf6 19. Nf4 g5 20. Nxe6 fxe6
21. Bxe6+ Kg7=
1/2-1/2

[Event "2019 Standard Chess Dropout Tournament, Round 1"]
[Site "SchemingMind.com"]
[Date "2018.12.09"]
[Round "1"]
[White "Holty"]
[Black "smothered mate"]
[Result "0-1"]
[WhiteCountry "ENG"]
[BlackCountry "POL"]
[WhiteElo "1719"]
[WhiteRD "64"]
[BlackElo "2132"]
[BlackRD "91"]
[GameID "435830"]

1. d4 Nf6 2. Nf3 g6 3. Bf4 d6 4. e3 Bg7 5. Be2 c5 6. dxc5 e5 7. Bg5 Qa5+ 8. c3 Qxc5 9. Bxf6 Bxf6 10. Nbd2 Be6
11. O-O Qc7 12. Ne4 Be7 13. a4 h6 14. Rc1 f5 15. Ned2 Nd7 16. b4 Kf8 17. c4 a5 18. b5 Nc5 19. Rb1 b6 20. Nb3 Nxa4
21. Qc2 Nc5 22. Nxc5 dxc5 23. Rfd1 Kf7 24. Ne1 Rad8 25. Nf3 Bd6 26. g3 Rd7 27. Qb2 Rhd8 28. Nd2 Be7 29. Qc2 f4 30. Qc3 fxe3
31. fxe3 Bg5 32. Nf3 Bf6 33. e4 g5 34. Rxd7+ Rxd7 35. Rf1 Ke7 36. Qc2 g4 37. Ne1 Bg5 38. Nd3 Rd4 39. Rd1 Be3+ 40. Kf1 Rxc4
41. Qb1 Rd4 42. Nf2 Qc8 43. Nd3 Qf8+ 44. Kg2 c4 45. Nxe5 Qf2+ 46. Kh1 Qxe2 47. Nc6+ Ke8 48. Nxd4 Bxd4 49. Rxd4 Qf3+ 50. Kg1 Qe3+
51. Kf1 Qxd4 52. Qc1 Qf6+ 53. Kg2 c3
0-1

[Event "2019 Standard Chess Dropout Tournament, Round 1"]
[Site "SchemingMind.com"]
[Date "2018.12.14"]
[Round "1"]
[White "John Hamer"]
[Black "Apocalypse"]
[Result "0-1"]
[WhiteCountry "ENG"]
[BlackCountry "USA"]
[WhiteElo "1959"]
[WhiteRD "74"]
[BlackElo "2375"]
[BlackRD "75"]
[GameID "435831"]

1. d4 Nf6 2. c4 c6 3. Nc3 d5 4. Nf3 g6 5. Bf4 Bg7 6. e3 O-O 7. Bd3 Be6 8. cxd5 Nxd5 9. Bg3 c5 10. O-O cxd4
11. Nxd4 Nxc3 12. bxc3 Bc8 13. f4 Qa5 14. Qc2 Na6 15. f5 Bd7 16. fxg6 hxg6 17. Rab1 Rac8 18. Rxb7 Nc5 19. Nb3 Nxb3 20. axb3 Rxc3
21. Qe2 Bc6 22. Rxe7 Rxb3 23. Qc2 Rc3 24. Qe2= Qd5 25. Be4 Qg5 26. Bd6 Bb5 27. h4 Qxe7 28. Bxe7 Bxe2 29. Bxf8 Bxf8
0-1

[Event "2019 Standard Chess Dropout Tournament, Round 1"]
[Site "SchemingMind.com"]
[Date "2018.12.11"]
[Round "1"]
[White "Janusz Szopa"]
[Black "Ramesh Panwar"]
[Result "0-1"]
[WhiteCountry "POL"]
[BlackCountry "IND"]
[WhiteElo "2390"]
[WhiteRD "84"]
[BlackElo "2572"]
[BlackRD "73"]
[GameID "435832"]

1. e4 e5 2. Nf3 Nc6 3. Bc4 Nf6 4. d4 exd4 5. O-O Nxe4 6. Re1 d5 7. Bxd5 Qxd5 8. Nc3 Qa5 9. Nxe4 Be6 10. Neg5 O-O-O
11. Nxe6 fxe6 12. Rxe6 Be7 13. Qe2 Bf6 14. h4 h6 15. Bf4 Qb4 16. Qe4 Qxb2 17. Re1 Rhf8 18. a3 Qc3 19. Bg3 Rf7 20. Be5 Bxe5
21. Nxe5 Nxe5 22. Rxe5 Qxa3 23. Rd5 Rxd5 24. Qxd5 Qf8 25. Qxd4 c5 26. Qg4+ Kc7 27. Qa4 Re7 28. Rd1 Kb8 29. h5 Re2 30. Qh4 Qe7
31. Qf4+ Ka8 32. Kf1 a6 33. c3 Re4 34. Qf3 Ka7 35. g3 Qe6 36. Kg2 Qc6 37. Ra1 Kb6 38. Rb1+ Kc7 39. Ra1 Rc4 40. Ra3 Kd6
41. Qxc6+ Kxc6 42. Kf3 b5 43. Rxa6+ Kd5 44. Ra3 Ra4 45. Rb3 Kc4 46. Rb1 Ra3 47. Ke4 Rxc3 48. Kf5 b4 49. Kg6 b3 50. Kxg7 Rd3
51. Kxh6 Kb4 52. Kg6 Rd8 53. h6 c4 54. h7 c3
0-1

[Event "2019 Standard Chess Dropout Tournament, Round 1"]
[Site "SchemingMind.com"]
[Date "2018.12.14"]
[Round "1"]
[White "JimM"]
[Black "Sebastian Strauchler"]
[Result "0-1"]
[WhiteCountry "USA"]
[BlackCountry "ARG"]
[WhiteElo "1706"]
[WhiteRD "81"]
[BlackElo "2258"]
[BlackRD "109"]
[GameID "435833"]

1. e4 c5 2. Nf3 Nc6 3. Bb5 g6 4. O-O Bg7 5. Re1 Nf6 6. c3 O-O 7. d4 cxd4 8. cxd4 d5 9. e5 Ne4 10. Nc3 Nxc3
11. bxc3 Qa5 12. Qb3 Bg4 13. Be2 Bxf3 14. Bxf3 Nxd4 15. Qd1 Qxc3 16. Bf4 Nc2 17. Rc1 Qxe1+ 18. Qxe1 Nxe1 19. Rxe1 e6
0-1

[Event "2019 Standard Chess Dropout Tournament, Round 1"]
[Site "SchemingMind.com"]
[Date "2018.12.14"]
[Round "1"]
[White "Sebastian Strauchler"]
[Black "Robert Bruce"]
[Result "1/2-1/2"]
[WhiteCountry "ARG"]
[BlackCountry "SCO"]
[WhiteElo "2224"]
[WhiteRD "109"]
[BlackElo "2384"]
[BlackRD "68"]
[GameID "435834"]

1. e4 c6 2. d4 d5 3. Nd2 e5 4. dxe5 dxe4 5. Nxe4 Qxd1+ 6. Kxd1 Nd7 7. Nf3 Nc5 8. Bd3 Nxe4 9. Bxe4 Bc5 10. Ke2 Nh6
11. h3 O-O 12. g4 f6 13. exf6 Rxf6 14. Be3 Bxe3 15. Kxe3 Bxg4 16. hxg4 Nxg4+ 17. Kd4 Rd8+ 18. Kc3 Nxf2 19. Bxh7+ Kf8 20. Ne5 Nxh1
21. Rxh1 Rd5 22. Re1 g5 23. Bd3 Kg7 24. Nc4 Rf4 25. Re7+ Rf7 26. Re6 Rf6 27. Re2 Rf4 28. Re7+ Rf7= 29. Re4 Rf4 30. Rxf4 gxf4
31. Kd2 Rh5 32. Ke2 Kf6 33. b3 Kg5 34. Na5 Kg4 35. Nxb7 Kg3 36. Nd6 Rh2+ 37. Ke1 Rh1+ 38. Kd2 Rh2+ 39. Kc3 f3 40. Ne4+ Kg4
41. Kd4 Kf4 42. a4 Rh5 43. c4 a5 44. Nf2=
1/2-1/2